| 000 | nam a22 7a 4500 | ||
|---|---|---|---|
| 999 |
_c129479 _d129479 |
||
| 008 | 190426b xxu||||| |||| 00| 0 eng d | ||
| 050 | _aBX1939.M3 048 | ||
| 100 |
_aOliveira, Rosario _946025 |
||
| 245 |
_aError about a quality of the person Can.1097.2 and its application in the recent rotal jurisprudence and patriarchal tribunal of Goa and Daman _c/ by Oliveira Rosario |
||
| 260 |
_aRome: _bPontificia Universitas Urbaniana, _c2009. |
||
| 300 |
_axii, 188p. ; _c24cm. |
||
| 650 |
_aMarriage _xCanon law _923940 |
||
| 942 |
_2lcc _cMONOGRAPH |
||